Inheritance according to the five rules of Islamic Law: (Record no. 4819)
[ view plain ]
| 000 -LEADER | |
|---|---|
| fixed length control field | 00684nam a22002057a 4500 |
| 003 - CONTROL NUMBER IDENTIFIER | |
| control field | LK-CoMWRAF |
| 005 - DATE AND TIME OF LATEST TRANSACTION | |
| control field | 20240229112254.0 |
| 008 - FIXED-LENGTH DATA ELEMENTS--GENERAL INFORMATION | |
| fixed length control field | 240226b1997 |||||||| |||| 00| 0 eng d |
| 040 ## - CATALOGING SOURCE | |
| Original cataloging agency | LK-CoMWRAF |
| Modifying agency | LK-CoMWRAF |
| Description conventions | LK-CoMWRAF |
| 041 ## - LANGUAGE CODE | |
| Language code of text/sound track or separate title | English |
| 082 ## - DEWEY DECIMAL CLASSIFICATION NUMBER | |
| Classification number | 346.04 |
| Item number | MUG |
| 942 ## - ADDED ENTRY ELEMENTS (KOHA) | |
| Koha item type | Books |
| 100 ## - MAIN ENTRY--PERSONAL NAME | |
| Personal name | Mughniyya, Muhammad Jawad |
| 245 ## - TITLE STATEMENT | |
| Title | Inheritance according to the five rules of Islamic Law: |
| Remainder of title | Vol. VII |
| 260 ## - PUBLICATION, DISTRIBUTION, ETC. (IMPRINT) | |
| Place of publication, distribution, etc. | Tehran: |
| Name of publisher, distributor, etc. | Department of Translation and Publication, Islamic Culture and Relations Organization, |
| Date of publication, distribution, etc. | 1997 |
| 300 ## - PHYSICAL DESCRIPTION | |
| Extent | 112 p. |
| 500 ## - GENERAL NOTE | |
| General note | A photocopy |
| 856 ## - ELECTRONIC LOCATION AND ACCESS | |
| Uniform Resource Identifier | <a href="https://www.al-islam.org/printpdf/book/export/html/43447">https://www.al-islam.org/printpdf/book/export/html/43447</a> |
| 650 ## - SUBJECT ADDED ENTRY--TOPICAL TERM | |
| Topical term or geographic name as entry element | INHERITANCE-Islamic law |
| Withdrawn status | Lost status | Damaged status | Not for loan | Permanent Location | Current Location | Date acquired | Full call number | Barcode | Koha item type |
|---|---|---|---|---|---|---|---|---|---|
| Resource center, Muslim Women's Research And Action Forum | Resource center, Muslim Women's Research And Action Forum | 2024-02-26 | 346.04 MUG | RAF5112 | Books |

